00810nam a2200205 a 4500008004100000020001500041050001800056100002200074245007100096260003800167300001900205350000900224490002900233500001700262650003900279650002600318995010900344999001700453952013400470120416s1972 ||||||||||||||||| || u a047134558X aQD 181.P1 Ana aHalmann, Martin M10aAnalytical chemistry of phospherus compoundscedited by M. Halmann aNew YorkbJohn Wiley & Sonsc1972 ax, 850 p. ill. a0.00 aChemical analysis, v. 37 aBibliography 0aCHEMISTRY--HANDBOOKS, MANUALS, ETC aPhosphorus - Analysis D0.00FCBU-MAIN LIBRARY (Kitwe)H1I17.85M1UAVAILABLEWMar 9, 2007ZMain Library Open Access Collection c34358d34358 00102lcc4070a001b001cMain Library Open Access Collectiond2022-11-30l0oQD 181.P1 Anap012342r2022-11-30w2022-11-30y002